Statistics for Countries of North America Quiz

Click here to take the quiz!

General Stats

  • This quiz has been taken 118,903 times
    (118,883 since last reset)
  • The average score is 19 of 23

Answer Stats

Country % Correct
Canada
99%
United States
99%
Mexico
98%
Cuba
94%
Panama
91%
Haiti
89%
Jamaica
87%
Dominica
87%
Bahamas
86%
Honduras
85%
Costa Rica
84%
Dominican Republic
83%
Nicaragua
82%
Guatemala
82%
Belize
80%
El Salvador
80%
Barbados
74%
Trinidad and Tobago
73%
Antigua and Barbuda
68%
Saint Kitts and
Nevis
67%
Saint Lucia
67%
Grenada
61%
Saint Vincent and the
Grenadines
61%

Score Distribution

Percentile by Number Answered

Percent of People with Each Score

Your Score History

You have not taken this quiz since the last reset